Central Library OPAC University of Rajshahi

চলন্তিকা : (Record no. 84718)

MARC details
000 -LEADER
fixed length control field 00859nam a2200217 a 4500
001 - CONTROL NUMBER
control field 84718
003 - CONTROL NUMBER IDENTIFIER
rucl marc code BD-RjUL
005 - DATE AND TIME OF LATEST TRANSACTION
control field 20250224105926.0
008 - FIXED-LENGTH DATA ELEMENTS--GENERAL INFORMATION
fixed length control field 250224s1973 ii ||||| |||| 00| 0 ben d
035 ## - SYSTEM CONTROL NUMBER
System control number (BD-RjUL)84718
040 ## - CATALOGING SOURCE
Original cataloging agency BD-RjUL
Language of cataloging ben
Transcribing agency BD-RjUL
041 ## - LANGUAGE CODE
Language code of text/sound track or separate title ben
082 ## - DEWEY DECIMAL CLASSIFICATION NUMBER
Edition number 23
Classification number 491.443
Author mark and year COL 1973
245 00 - TITLE STATEMENT
Title চলন্তিকা :
Remainder of title আধুনিক বঙ্গভাষার অভিধান /
Statement of responsibility, etc. রাজশেখর বসু, সংকলক
260 ## - PUBLICATION, DISTRIBUTION, ETC. (IMPRINT)
Place of publication, distribution, etc. কলিকাতা:
Name of publisher, distributor, etc. এম সি, সরকার,
Date of publication, distribution, etc. ১৩৮০, [১৯৭৩]
300 ## - PHYSICAL DESCRIPTION
Pagination ৭৩০, ৯৬পৃ. ;
Size ১৭ সেমি.
650 ## - SUBJECT ADDED ENTRY--TOPICAL TERM
Topical term or geographic name as entry element বাংলা ভাষা
Form subdivision অভিধান
9 (RLIN) 137359
Topical term or geographic name as entry element Bengali language
Form subdivision Dictionaries
9 (RLIN) 137360
700 ## - ADDED ENTRY--PERSONAL NAME
Personal name বসু, রাজশেখর, সংকলক
942 ## - ADDED ENTRY ELEMENTS (KOHA)
Source of classification or shelving scheme Dewey Decimal Classification
Koha item type Books
Holdings
Lost status Source of classification or shelving scheme Damaged status Not for loan Collection code Permanent Location Current Location Shelving location Date acquired Cost, normal purchase price Total Checkouts Full call number Date last seen Copy number Koha item type
  Dewey Decimal Classification   Not For Loan Non-fiction Central Library, University of Rajshahi Central Library, University of Rajshahi Reading Room 24/02/2025 18.00   B 491.443 COL 1973 24/02/2025 C-1 Books